Countries that Fought in WW2 - Statistics

General Stats
  • This quiz has been taken 43 times
  • The average score is 40 of 59
Answer Stats
Answer % Correct
United Kingdom
100%
Germany
97%
Japan
97%
France
95%
Italy
95%
Soviet Union
95%
United States
95%
China
92%
Norway
87%
Poland
84%
Canada
82%
Egypt
82%
Finland
82%
Australia
79%
Brazil
79%
Denmark
79%
Argentina
76%
Belgium
76%
Bulgaria
76%
Iran
76%
Netherlands
76%
Greece
74%
Mexico
74%
Turkey
74%
Yugoslavia
74%
New Zealand
71%
Iraq
68%
Luxembourg
68%
Romania
68%
Columbia
66%
Venezuela
66%
Chile
63%
Ma
63%
Peru
61%
South Africa
61%
Thailand
61%
Uruguay
61%
Bolivia
58%
Dominican Republic
58%
Ecuador
58%
Honduras
58%
Hungary
58%
Mongolia
58%
Panama
58%
Albania
55%
Czechoslovakia
55%
El Salvador
55%
Guatemala
55%
Nicaragua
55%
Saudi Arabia
55%
Syria
55%
Costa Rica
53%
Haiti
53%
Paraguay
53%
Cuba
50%
Ethiopia
50%
Lebanon
47%
Nepal
39%
Liberia
29%
No matching quizzes found
Score Distribution
Percent of People with Each Score
Percentile by Number Answered
Your Score History
You have not taken this quiz